El hombre y lo sagrado / (Record no. 37943)

MARC details
000 -LEADER
campo de control de longitud fija 00690nam a2200205 i 4500
001 - NÚMERO DE CONTROL
campo de control 37943
003 - IDENTIFICADOR DE NÚMERO DE CONTROL
campo de control ES-MaACL
005 - FECHA Y HORA DE LA ÚLTIMA TRANSACCIÓN
campo de control 20250728114021.0
007 - CAMPO FIJO DE DESCRIPCIÓN FÍSICA--INFORMACIÓN GENERAL
campo de control de longitud fija t|
008 - DATOS DE LONGITUD FIJA--INFORMACIÓN GENERAL
campo de control de longitud fija 030224s1942 mx ||||1| spa d
100 1# - ENTRADA PRINCIPAL--NOMBRE DE PERSONA
Nombre de persona Caillois, Roger.
9 (RLIN) 33463
245 13 - MENCIÓN DEL TÍTULO
Título El hombre y lo sagrado /
Mención de responsabilidad, etc. Roger Caillois ; versión española de Juan José Domenchina.
250 ## - MENCION DE EDICION
Mención de edición 1ª ed. española, amp.
260 ## - PUBLICACIÓN, DISTRIBUCIÓN, ETC.
Lugar de publicación, distribución, etc. México :
Nombre del editor, distribuidor, etc. Fondo de Cultura Económica,
Fecha de publicación, distribución, etc. [1942] (
Fabricante Gráf. Panamericana)
300 ## - DESCRIPCIÓN FÍSICA
Extensión 189 p. ;
Dimensiones 22 cm.
650 #7 - PUNTO DE ACCESO ADICIONAL DE MATERIA--TÉRMINO DE MATERIA
Término de materia o nombre geográfico como elemento de entrada Sociología de la religión
Fuente del encabezamiento o término embne
9 (RLIN) 17209
700 1# - ENTRADA AGREGADA--NOMBRE PERSONAL
Nombre de persona Domenchina, Juan José,
Fechas asociadas al nombre 1898-1959
9 (RLIN) 45067
852 ## - LOCALIZACIÓN
Ubicación ES-MaACL
Número de control de estantería B-1601
Sublocalización o colección R.29508
Holdings
Estatus retirado Estado de pérdida Estado de daño No para préstamo Biblioteca de origen Biblioteca actual Ubicación en estantería Fecha de adquisición Fuente de adquisición Total de préstamos Signatura topográfica completa Código de barras Visto por última vez Precio de reemplazo Tipo de ítem Koha
        Biblioteca del Ateneo de Madrid Biblioteca del Ateneo de Madrid Sala Pardo Bazán 17/01/2008     B-1601 1039948 23/02/2023 23/02/2023 Libro impreso